Aprender a cambiar : (Record no. 104892)

MARC details
000 -CABECERA
campo de control de longitud fija 00739nam a2200217 a 4500
005 - FECHA Y HORA DE LA ÚLTIMA TRANSACCIÓN
campo de control 20230807165743.0
008 - ELEMENTOS DE LONGITUD FIJA--INFORMACIÓN GENERAL
campo de control de longitud fija 040319s2001 es r 000 0 spa d
020 ## - NÚMERO INTERNACIONAL NORMALIZADO PARA LIBROS
Número Internacional Estándar del Libro 8480635045
035 ## - NÚMERO DE CONTROL DEL SISTEMA
Número de control de sistema UPN01000132738
049 ## - COLECCIÓN
Colección CG
050 #4 - SIGNATURA TOPOGRÁFICA DE LA BIBLIOTECA DEL CONGRESO
Número de clasificación LB2822.84 C3
Número de documento/Ítem A6.7
245 00 - MENCIÓN DE TÍTULO
Título Aprender a cambiar :
Resto del título la enseñanza más allá de las materias y los niveles /
Mención de responsabilidad, etc. Andy Hargreaves ... [et al.].
260 ## - PUBLICACIÓN, DISTRIBUCIÓN, ETC.
Lugar de publicación, distribución, etc. Barcelona, Esp. :
Nombre del editor, distribuidor, etc. Octaedro,
Fecha de publicación, distribución, etc. 2001.
300 ## - DESCRIPCIÓN FÍSICA
Extensión 219 p.
440 #0 - MENCIÓN DE SERIE/ASIENTO SECUNDARIO--TÍTULO
Título Repensar la educación ;
Designación de volumen o secuencia 13
534 ## - NOTA SOBRE LA VERSIÓN ORIGINAL
Frase introductoria Traducción de:
Mención de título del original Learning to change
650 #4 - ASIENTO SECUNDARIO DE MATERIA - TERMINO TEMATICO
Término de materia o nombre geográfico como elemento de entrada PROGRAMAS DE MEJORAMIENTO ESCOLAR -
Subdivisión geográfica CANADA
650 #4 - ASIENTO SECUNDARIO DE MATERIA - TERMINO TEMATICO
Término de materia o nombre geográfico como elemento de entrada Cambios curriculares
Subdivisión geográfica Canadá
9 (RLIN) 4898
700 1# - ASIENTO SECUNDARIO--NOMBRE DE PERSONAL
Nombre de persona Hargreaves, Andy,
Fechas asociadas al nombre 1951-
Término indicativo de función/relación coaut.
9 (RLIN) 28385
905 ## - TIPO DE MATERIAL
Tipo de material Libro
Holdings
Estado de retiro Estado de pérdida Fuente del sistema de clasificación o colocación Estado dañado No para préstamo Código de colección Localización permanente Ubicación/localización actual Ubicación en estantería Fecha de adquisición Total de préstamos Renovaciones totales Clasificación Código de barras Fecha visto por última vez Fecha del último préstamo Número de copia Tipo de ítem Koha
    Library of Congress Classification     Colección General Bib. Gregorio Torres Quintero Bib. Gregorio Torres Quintero Planta baja 18/09/2023 9 1 LB2822.84 C3 A6.7 223779 17/10/2023 18/09/2023 1 Libro
    Library of Congress Classification     Colección General Bib. Gregorio Torres Quintero Bib. Gregorio Torres Quintero Planta baja   1   LB2822.84 C3 A6.7 245410 31/12/2020   1 Libro
    Library of Congress Classification     Colección General Bib. Gregorio Torres Quintero Bib. Gregorio Torres Quintero Planta baja   5   LB2822.84 C3 A6.7 245409 31/12/2020   1 Libro
    Library of Congress Classification     Colección General Bib. Gregorio Torres Quintero Bib. Gregorio Torres Quintero Planta baja   2   LB2822.84 C3 A6.7 223778 31/12/2020   1 Libro
    Library of Congress Classification     Colección General Bib. Gregorio Torres Quintero Bib. Gregorio Torres Quintero Planta baja   5   LB2822.84 C3 A6.7 245408 31/12/2020   1 Libro